00352pab a2200121 454500008004000000100002200040245006000062260000900122300001200131362000900143650003000152773004800182180718b1987 xxu||||| |||| 00| 0 eng d aDigiacome, Gordon aTrade unions and the reform of the quality of work life c1987 a399-414 aOct. aLabour Relations - U.S.A. aAmerican Journal of Economics and Sociology